Občané se změněnou pracovní schopností v obchodních organizacích

Na minha lista:
Detalhes bibliográficos
Autor principal: Spirit, Michal
Formato: Livro
Idioma:tcheco
Publicado em: Praha VŠE 1993
Edição:1. vyd.
Assuntos:
Tags: Adicionar Tag
Sem tags, seja o primeiro a adicionar uma tag!

MARC

LEADER 00000nam a2200000 4500
001 c003015
005 20221214082534.1
020 |a 80-7079-231-0 
041 0 |a cze 
044 |a CZ 
245 1 0 |a Občané se změněnou pracovní schopností v obchodních organizacích  |c Michal Spirit 
250 |a 1. vyd. 
264 1 |a Praha  |b VŠE  |c 1993 
300 |a 151 s. 
610 2 0 |a organizácie obchodné 
610 2 0 |a schopnosti pracovné zmenené 
610 2 0 |a politika sociálna 
610 2 0 |a Československo 
610 2 0 |a právo pracovné 
610 2 0 |a hospodárstvo trhové 
610 2 0 |a ochrana právna 
610 2 0 |a ochrana pracovníkov 
610 2 0 |a pomer pracovný 
100 1 |a Spirit, Michal